000 00753nas a2200253 4500
001 BR2013000063
003 BR-BrBNA
005 20231205121742.0
007 ta
008 230509b bl.|||p| |||| 00| 00por d
040 _aBR-BrBNA
_bpor
_cBiblioteca Nacional de Agricultura
041 _a(Pt)
072 _aF01
100 1 _aMonaco Neto, L.C.
100 1 _aScarpare Filho, J.A.
245 1 _aDesenvolvimento de videira "Niágara Rosada" podada em diferentes épocas
650 _aUVA
650 _aPODA
650 _aÉPOCA DE CORTE
650 _aCRESCIMENTO
773 0 _tRevista de Agricultura (Brazil)
_xISSN 0034-7655
_g(Dec 2012), v. 87(3) p. 165-171
_wBR2013000063
909 _a202311
_bLúcia
_c55
_dLúcia Elande
942 _2AGRIS
_n0
_cANA
999 _c225060
_d225060